IFM Opac

Understanding Computers: (Record no. 22185)

MARC details
000 -LEADER
fixed length control field 00356nam a22001457a 4500
020 ## - INTERNATIONAL STANDARD BOOK NUMBER
ISBN 978-1-305-65631-4
082 ## - DEWEY DECIMAL CLASSIFICATION NUMBER
Classification number 004
100 ## - MAIN ENTRY--AUTHOR NAME
Personal name Morley, Deborah
245 ## - TITLE STATEMENT
Title Understanding Computers:
Sub Title Today and Tomorrow
250 ## - EDITION STATEMENT
Edition statement 16th
260 ## - PUBLICATION, DISTRIBUTION, ETC. (IMPRINT)
Place of publication Boston:
Name of publisher Cengage,
Year of publication 2024
300 ## - PHYSICAL DESCRIPTION
Number of Pages xxi, 567p.: ill.; 28cm
700 ## - ADDED ENTRY--PERSONAL NAME
Personal name Parker, Charles S.
942 ## - ADDED ENTRY ELEMENTS (KOHA)
Koha item type Books
Holdings
Withdrawn status Lost status Damaged status Not for loan Collection code Permanent Location Current Location Shelving location Date acquired Source of acquisition Full call number Accession Number Price effective from Koha item type
        Non-fiction IFM Main Campus Library IFM Main Campus Library Work Room processing 01/20/2026 Purchased 004 MOR 0000030317 01/20/2026 Books
        Non-fiction IFM Main Campus Library IFM Main Campus Library Work Room processing 01/20/2026 Purchased 004 MOR 0000030315 01/20/2026 Books